<?xml version="1.0" encoding="UTF-8"?>
<record
    xmlns:xsi="http://www.w3.org/2001/XMLSchema-instance"
    xsi:schemaLocation="http://www.loc.gov/MARC21/slim http://www.loc.gov/standards/marcxml/schema/MARC21slim.xsd"
    xmlns="http://www.loc.gov/MARC21/slim">

  <leader>01422cam a2200349 a 4500</leader>
  <datafield tag="999" ind1=" " ind2=" ">
    <subfield code="c">7829</subfield>
    <subfield code="d">7829</subfield>
  </datafield>
  <controlfield tag="001">991016094189706706</controlfield>
  <controlfield tag="003">OSt</controlfield>
  <controlfield tag="005">20231220141229.0</controlfield>
  <controlfield tag="008">150414s2015    spc||||  |||| 0|0 0ccat|c</controlfield>
  <datafield tag="015" ind1=" " ind2=" ">
    <subfield code="a">LL2015</subfield>
    <subfield code="2">bnc</subfield>
  </datafield>
  <datafield tag="017" ind1=" " ind2=" ">
    <subfield code="a">DL B 6948-2015</subfield>
    <subfield code="b">Biblioteca de Catalunya</subfield>
  </datafield>
  <datafield tag="020" ind1=" " ind2=" ">
    <subfield code="a">9788416166534</subfield>
  </datafield>
  <datafield tag="035" ind1=" " ind2=" ">
    <subfield code="a">(ES-BaCBU).b63218719</subfield>
  </datafield>
  <datafield tag="035" ind1=" " ind2=" ">
    <subfield code="a">(OCoLC)914505015</subfield>
  </datafield>
  <datafield tag="040" ind1=" " ind2=" ">
    <subfield code="a">ES-BaCBU</subfield>
    <subfield code="b">cat</subfield>
    <subfield code="c">CDMR</subfield>
  </datafield>
  <datafield tag="043" ind1=" " ind2=" ">
    <subfield code="a">e-sp---</subfield>
    <subfield code="b">e-spcg-</subfield>
    <subfield code="2">catmarc</subfield>
  </datafield>
  <datafield tag="080" ind1=" " ind2=" ">
    <subfield code="a">929</subfield>
    <subfield code="x">(460.233)</subfield>
    <subfield code="2">2004</subfield>
  </datafield>
  <datafield tag="100" ind1="1" ind2=" ">
    <subfield code="a">Bastons i Vivanco, Carles,</subfield>
  </datafield>
  <datafield tag="245" ind1="1" ind2="0">
    <subfield code="a">Gent que ha fet hist&#xF2;ria :</subfield>
    <subfield code="b">115 personatges de les terres gironines /</subfield>
    <subfield code="c">Carles Bastons i Vivanco, Montserrat Bastons i Garcia</subfield>
  </datafield>
  <datafield tag="260" ind1=" " ind2=" ">
    <subfield code="a">Barcelona :</subfield>
    <subfield code="b">Base,</subfield>
    <subfield code="c">2015</subfield>
  </datafield>
  <datafield tag="300" ind1=" " ind2=" ">
    <subfield code="a">564 p. ;</subfield>
    <subfield code="c">24 cm</subfield>
  </datafield>
  <datafield tag="490" ind1="1" ind2=" ">
    <subfield code="a">Col&#xB7;lecci&#xF3; Base hist&#xF2;rica ;</subfield>
    <subfield code="v">127</subfield>
  </datafield>
  <datafield tag="504" ind1=" " ind2=" ">
    <subfield code="a">Bibliografia p. 557-561</subfield>
  </datafield>
  <datafield tag="505" ind1=" " ind2=" ">
    <subfield code="a">Inclou les biografies de 10 personalitats gironines relacionades amb el periodisme: Aurora Bertrana, Jaume Bofill i Mates, Francesca Boris, Agust&#xED; Calvet "Gaziel", Llucieta Cany&#xE0;, Juli Coll, Josep Coll i Veh&#xED;, Ramon Guardiola, Josep Pla, Carles Rahola.</subfield>
  </datafield>
  <datafield tag="650" ind1=" " ind2="0">
    <subfield code="a">Periodistes catalans</subfield>
    <subfield code="9">3139</subfield>
    <subfield code="v">Biografia</subfield>
  </datafield>
  <datafield tag="700" ind1="1" ind2=" ">
    <subfield code="a">Bastons i Garcia, Montserrat.</subfield>
  </datafield>
  <datafield tag="830" ind1=" " ind2="0">
    <subfield code="a">Base hist&#xF2;rica ;</subfield>
    <subfield code="v">127</subfield>
  </datafield>
  <datafield tag="907" ind1=" " ind2=" ">
    <subfield code="a">.b63218719</subfield>
    <subfield code="b">18-06-21</subfield>
    <subfield code="c">14-04-15</subfield>
    <subfield code="d">24-07-15</subfield>
    <subfield code="e">m</subfield>
    <subfield code="f">a</subfield>
    <subfield code="g">-</subfield>
    <subfield code="h">cat</subfield>
    <subfield code="i">spc</subfield>
    <subfield code="j">0</subfield>
    <subfield code="k">2</subfield>
  </datafield>
  <datafield tag="908" ind1=" " ind2=" ">
    <subfield code="a">BC</subfield>
    <subfield code="a">UB</subfield>
    <subfield code="a">ICD</subfield>
    <subfield code="a">BPC</subfield>
    <subfield code="a">ANC</subfield>
    <subfield code="a">UIC</subfield>
    <subfield code="a">CHCC</subfield>
    <subfield code="a">UdG</subfield>
  </datafield>
  <datafield tag="940" ind1=" " ind2=" ">
    <subfield code="a">BC</subfield>
  </datafield>
  <datafield tag="942" ind1=" " ind2=" ">
    <subfield code="2">udc</subfield>
    <subfield code="c">MON</subfield>
  </datafield>
  <datafield tag="952" ind1=" " ind2=" ">
    <subfield code="0">0</subfield>
    <subfield code="1">0</subfield>
    <subfield code="4">0</subfield>
    <subfield code="7">0</subfield>
    <subfield code="a">CDMR</subfield>
    <subfield code="b">CDMR</subfield>
    <subfield code="d">2023-12-20</subfield>
    <subfield code="e">Donaci&#xF3;</subfield>
    <subfield code="g">19.90</subfield>
    <subfield code="l">0</subfield>
    <subfield code="o">Du 1/207</subfield>
    <subfield code="p">CDMR23120006</subfield>
    <subfield code="r">2023-12-20</subfield>
    <subfield code="w">2023-12-20</subfield>
    <subfield code="y">MON</subfield>
  </datafield>
</record>
